Keukenkampioendivisie final ranking 2025/2026 - Statistics

General Stats
  • This quiz has been taken 5 times
  • The average score is 13 of 20
Answer Stats
Province Points Goal difference Answer % Correct
North-Holland 20th 35 -23 Jong AJAX
100%
North-Brabant 7th 56 2 Jong PSV
80%
South-Holland 1st 89 53 ADO Den Haag
60%
Flevoland 5th 58 15 Almere City FC
60%
Gelderland 4th 63 16 De Graafschap
60%
North-Brabant 9th 51 -4 FC Den Bosch
60%
South-Holland 10th 47 -8 FC Dordrecht
60%
North-Brabant 11th 47 -18 FC Eindhoven
60%
Drenthe 14th 45 -14 FC Emmen
60%
North-Brabant 18th 39 -20 Helmond Sport
60%
North-Holland 17th 40 -15 Jong AZ
60%
Utrecht 12th 46 -4 Jong FC Utrecht
60%
Limburg 19th 38 -32 MVV
60%
North-Brabant 6th 58 12 RKC Waalwijk
60%
Limburg 8th 55 5 Roda JC
60%
Friesland 2nd 81 28 SC Cambuur
60%
North-Brabant 16th 44 -10 TOP Oss
60%
Gelderland 15th 44 8 Vitesse
60%
Limburg 13th 45 -8 VVV Venlo
60%
North-Brabant 3rd 68 17 Willem II
60%
No matching quizzes found
Score Distribution
Percent of People with Each Score
Percentile by Number Answered
Your Score History
You have not taken this quiz